000 00670cam a2200241 4500
001 M2131
008 090401t1996 xxu||||| |||| 00| 0 eng d
035 _a(Sirsi) u96328
041 _aeng
110 _aRoyal Institution of Chartered Surveyors
_94900
245 _aDefence estate organisation : future agency status.
260 _aLondon
_bRICS
_c1996
300 _a6p. ; 30cm.
350 _a4
490 _aRICS Memorandum
_vPU/Report(96)11
650 _aDEFENCE ESTATE ORGANISATION
650 _aDEFENCE ESTATE
650 _aESTATE MANAGEMENT
650 _aGOVERNMENT AGENCIES
690 _aPLANNING LAW AND PRACTICE
942 _n0
948 _c04/03/1997
999 _c98637
_d98637